000 00612nam a22002057a 4500
008 150923b xxu||||| |||| 00| 0 eng d
020 _a9780273714767
041 0 _aeng
080 _a657
100 1 _aNobes, Christopher;
245 1 0 _aComparative international accounting /
_cChristopher Nobes and Robert Parker.
250 _a10th ed.
260 _aHarlow, Essex, England ;
_aNew York :
_bPrentice Hall/Financial Times,
_c2008.
300 _axxi, 603 f. :
_bme il.;
_c25 cm.
650 0 _aKontabilitet
650 0 _aBashkëkohor
650 0 _aNdërkombëtar
700 1 _aParker, R. H.
942 _2udc
_cBK
999 _c1155
_d1155